|
|
|
|
| LEADER |
01014nam a2200265 a 4500 |
| 001 |
13751988 |
| 008 |
120719s2005 njua b 001 0 eng |
| 010 |
|
|
|a 2004024420
|
| 020 |
|
|
|a 0131424505 (alk. paper)
|
| 040 |
|
|
|a DLC
|c DLC
|d DLC
|d BD-DhAAL
|
| 050 |
0 |
0 |
|a GF125
|b .K56 2005
|
| 082 |
0 |
0 |
|a 307.76
|2 22
|
| 100 |
1 |
|
|a Knox, Paul L.
|
| 245 |
1 |
0 |
|a Urbanization :
|b an introduction to urban geography /
|c Paul L. Knox and Linda McCarthy.
|
| 250 |
|
|
|a 2nd ed.
|
| 260 |
|
|
|a Upper Saddle River, N.J. :
|b Pearson Prentice Hall,
|c c2005.
|
| 300 |
|
|
|a xii, 594 p. :
|b ill. ;
|c 29 cm.
|
| 504 |
|
|
|a Includes bibliographical references and index.
|
| 541 |
|
|
|e 00025647
|
| 650 |
|
0 |
|a Urban geography.
|
| 650 |
|
0 |
|a Urbanization.
|
| 700 |
1 |
|
|a McCarthy, Linda
|q (Linda Mary)
|
| 852 |
1 |
|
|a Ayesha Abed Library
|c General Shelf.
|
| 999 |
|
|
|c 12579
|d 12579
|
| 952 |
|
|
|0 0
|1 0
|2 ddc
|4 0
|6 307_760000000000000_KNO
|7 0
|9 20764
|a IGS
|b IGS
|c GEN
|d 2012-07-19
|e Trim Education
|g 9725.00
|l 2
|m 3
|o 307.76 KNO
|p 3010025647
|r 2014-06-09
|s 2012-12-31
|t 1
|w 2012-07-19
|y BK
|